[Event "AUTO-MASTER-3260"]
[Site "http://www.queenalice.com/game.php?id=1871477"]
[Date "2026.4.5"]
[Round "2"]
[White "Takeda"]
[Black "pizzaiolo72"]
[Result "1-0"]
[WhiteElo "2144"]
[BlackElo "2113"]

1. e4 Nf6 2. Nc3 e5 3. Nf3 d6 4. d4 exd4 5. Nxd4 Nc6 6. Nxc6 bxc6 7. Bd3 Be6 8.
O-O Be7 9. h3 O-O 10. Be3 c5 11. a4 c4 12. Be2 c6 13. f4 d5 14. e5 Ne4 15. Nxe4
dxe4 16. Qxd8 Rfxd8 17. f5 Bd5 18. f6 gxf6 19. exf6 Bd6 20. Rf5 Be6 21. Rh5 Bf8
22. Rf1 Rd5 23. Rh4 Ra5 24. Rxe4 Rxa4 25. Rxe6 fxe6 26. f7+ Kg7 27. Bd4+ Kh6 28.
Rf6+ Kg7 29. Bh5 h6 30. Rxe6+ Kh7 31. Bg6# 1-0

[Event "AUTO-MASTER-3260"]
[Site "http://www.queenalice.com/game.php?id=1871478"]
[Date "2026.4.5"]
[Round "2"]
[White "pizzaiolo72"]
[Black "Takeda"]
[Result "1-0"]
[WhiteElo "2099"]
[BlackElo "2146"]

1. e4 g6 2. d4 Bg7 3. Nf3 d6 4. Nc3 Nf6 5. Bc4 O-O 6. h4 Nxe4 7. h5 Nxc3 8. bxc3
Be6 9. Bxe6 fxe6 10. Ng5 Qd7 11. hxg6 h6 12. Nh7 Rf5 13. g4 Rb5 14. Bxh6 Nc6 15.
g5 Qe8 16. Qh5 Nxd4 17. Bxg7 Nxc2+ 18. Kd2 Rd5+ 19. Kc1 Rd1+ 20. Kxd1 Ne3+ 21.
fxe3 Qa4+ 22. Kd2 1-0

[Event "AUTO-MASTER-3260"]
[Site "http://www.queenalice.com/game.php?id=1871483"]
[Date "2026.4.5"]
[Round "2"]
[White "pizzaiolo72"]
[Black "queen66"]
[Result "0-1"]
[WhiteElo "2062"]
[BlackElo "2493"]

1. e4 c5 2. Nf3 d6 3. d4 cxd4 4. Nxd4 Nf6 5. Nc3 a6 6. Bc4 e6 7. Bg5 Be7 8. Qe2
b5 9. Bb3 b4 10. Na4 Bd7 11. O-O-O Qa5 12. Bxf6 Bxf6 13. Bxe6 fxe6 14. b3 O-O
15. Qc4 Rc8 16. Qd3 Bxa4 17. bxa4 Rc3 18. Qe2 Qxa4 19. Kb1 Nc6 20. Nxe6 Qxa2+
21. Kxa2 Ra3+ 22. Kb1 Ra1# 0-1

[Event "AUTO-MASTER-3260"]
[Site "http://www.queenalice.com/game.php?id=1871484"]
[Date "2026.4.5"]
[Round "2"]
[White "queen66"]
[Black "pizzaiolo72"]
[Result "1-0"]
[WhiteElo "2492"]
[BlackElo "2077"]

1. e4 e6 2. d4 d5 3. Nc3 dxe4 4. Nxe4 Nc6 5. Nf3 h6 6. a3 Nf6 7. Bd3 Be7 8. c3
Nxe4 9. Bxe4 Bd7 10. O-O f5 11. Bb1 O-O 12. Re1 Bd6 13. c4 Qf6 14. c5 Be7 15. d5
exd5 16. Qxd5+ Qf7 17. Qxd7 Bxc5 18. Ba2 1-0